Nursing leadership and management (Record no. 7842)

MARC details
000 -LEADER
fixed length control field 00495nam a22001337a 4500
020 ## - INTERNATIONAL STANDARD BOOK NUMBER
ISBN 9780131196018
050 ## - CALL NUMBER
Classification number RT89.3
Item number H64
100 ## - AUTHOR
Personal name Hogan, Mary Ann (Nurse);
-- Nickitas, Donna M.
245 ## - TITLE
Title Nursing leadership and management
Statement of responsibility, etc by Mary Ann Hogan, (Nurse); Donna M Nickitas
260 ## - PUBLICATION INFORMATION
Place of publication Upper Saddle River, N.J. :
Name of publisher Pearson/Prentice Hall
Year of publication 2009
300 ## - DESCRIPTION
Number of Pages xii, 246 pages :
Other physical details illustrations
650 ## - SUBJECTS
Topical Term Nursing services -- Administration -- Examinations, questions, etc.
942 ## - ADDED ENTRY ELEMENTS (KOHA)
Koha item type Books
Holdings
Withdrawn status Lost status Home library Current library Date acquired Full call number Accession Number Koha item type
    Methodist University Library Wenchi Nursing Methodist University Library Wenchi Nursing 15/10/2021 RT89.3 H64 37208 Books
    Methodist University Library Wenchi Nursing Methodist University Library Wenchi Nursing 15/10/2021 RT89.3 H64 2613 Books
Copyright © 2026  MUG Library